ASR vnútorného obchodu automatizácia systémov riadenia vo vnútornom obchode

Gespeichert in:
Bibliographische Detailangaben
1. Verfasser: Mesároš, Ľudovít
Körperschaft: Vysoká škola ekonomická v Bratislave. Obchodná fakulta
Format: Buch
Sprache:Slowakisch
Veröffentlicht: Bratislava Vysoká škola ekonomická 1983
Tags: Tag hinzufügen
Keine Tags, Fügen Sie das erste Tag hinzu!

MARC

LEADER 00000nam a2200000 4500
001 c132213
005 20181219130146.2
041 0 |a slo 
044 |a SK 
245 1 0 |a ASR vnútorného obchodu  |b automatizácia systémov riadenia vo vnútornom obchode  |c Ľudovít Mesároš a kol. 
264 1 |a Bratislava  |b Vysoká škola ekonomická  |c 1983 
300 |a 127 s. 
100 1 |a Mesároš, Ľudovít 
710 2 |a Vysoká škola ekonomická v Bratislave. Obchodná fakulta